000 00492nam a2200181Ia 4500
999 _c29508
_d29508
003 OSt
005 20201123101356.0
008 190216s9999||||xx |||||||||||||| ||und||
020 _a8171748600
040 _coclc
082 _a894.8123
_bCHI/A
100 _aChilambil, Jiji
_96833
245 0 _aAmaran /
_cJiji Chilambil
260 _bC I C C Book House,
_aKochi:
_c2008.
300 _a261p
650 _aNovel
942 _cBK
_2ddc
_h894.8123
_iCHI/A
_k894.8123
_mCHI/A